Minecraft Items: Pottery Sherds by Icon - Statistics

General Stats
  • This quiz has been taken 7 times
  • The average score is 17 of 23
Answer Stats
Picture Answer % Correct
Heart
100%
Skull
100%
Angler
75%
Archer
75%
Arms Up
75%
Blade
75%
Brewer
75%
Burn
75%
Danger
75%
Explorer
75%
Flow
75%
Friend
75%
Guster
75%
Heartbreak
75%
Howl
75%
Miner
75%
Plenty
75%
Scrape
75%
Sheaf
75%
Shelter
75%
Mourner
50%
Prize
50%
Snort
50%
No matching quizzes found
Score Distribution
Percent of People with Each Score
Percentile by Number Answered
Your Score History
You have not taken this quiz